000 00977cab a2200229 4500
001 WB2919-19
008 090401t1993 xxu||||| |||| 00| 0 eng d
035 _a(Sirsi) u31423
041 _aeng
245 _aStopping-up order
260 _c1993
350 _a0
490 _aEstates Gazette Case Summaries
_v(1993) EGCS 86 (15/5/93)
520 _a"R v SoS Transport, ex parte Webb and another" QBD 29 April 1993. Road access to W`s property had been blocked by motorway development and the Department of Transport undertook in writing to grant a right of access along a specified route. After long delay, T offered an alternative route with which W disagreed. W sought judicial review of the letter outlining the new route and the application was granted.
650 _aM23
650 _aRIGHTS OF WAY
650 _aROUTES OF ACCESS
690 _aHIGHWAYS AND RIGHTS OF WAY-CASE LAW
690 _aTRANSPORT AND COMMUNICATIONS
942 _n0
948 _c04/03/1997
999 _c21098
_d21098